| 000 | 01666nam a2200277Ia 4500 | ||
|---|---|---|---|
| 999 |
_c35878 _d35878 |
||
| 001 | 1769 | ||
| 003 | GE_BSU | ||
| 005 | 20250321173113.0 | ||
| 008 | 181216s2004||||ge |||||||||||||| ||geo|| | ||
| 040 | _cGE_BSU | ||
| 041 | _ageo | ||
| 080 | _a37.01(09) პ–25 | ||
| 245 |
_aპედაგოგიკის ისტორია : _b [სახელმძღვ.] / _cავტ.: ნათელა ვასაძე, ვლადიმერ გაგუა, იური ბიბილეიშვილი [და სხვ.] ; რედ. ნათელა ვასაძე ; მხატვ. მარიკა დანელია ; საქ. განათლ. მეცნ. აკად. |
||
| 264 |
_aთბილისი, _c2004. |
||
| 300 |
_a416 გვ. ; _b19 სმ. |
||
| 653 | _aპედაგოგიკის ისტორია | ||
| 700 |
_aვასაძე, ნ. (ნათელა) _eავტორი _919840 |
||
| 700 |
_aგაგუა, ვ. (ვლადიმერ) _eავტორი _919841 |
||
| 700 |
_aბიბილეიშვილი, ი. (იური) _eავტორი _919842 |
||
| 700 |
_aსიხარულიძე, გ. (გალაქტიონ) _eავტორი _919843 |
||
| 700 |
_aმგალობლიშვილი, თ. (თეიმურაზ) _eავტორი _919844 |
||
| 700 |
_aვასაძე, ნ. (ნათელა) _eრედაქტორი _919840 |
||
| 700 |
_aდანელია, მ. (მარიკა) _eმხატვარი _919845 |
||
| 710 |
_aსაქ. განათლ. მეცნ. აკად. _919846 |
||
| 942 |
_cBK _2udc |
||